The Macdonald and Company South Africa rewards and attitudes survey 2011 (Record no. 115491)
[ view plain ]
| 000 -LEADER | |
|---|---|
| fixed length control field | 01402cad a22002775a 4500 |
| 001 - CONTROL NUMBER | |
| control field | L158758 |
| 008 - FIXED-LENGTH DATA ELEMENTS--GENERAL INFORMATION | |
| fixed length control field | 100521s2011 xxkd f s 000 0 eng d |
| 035 ## - SYSTEM CONTROL NUMBER | |
| System control number | (Sirsi) u158758 |
| 041 0# - LANGUAGE CODE | |
| Language code of text/sound track or separate title | eng |
| 050 04 - LIBRARY OF CONGRESS CALL NUMBER | |
| Classification number | 331.281333 $2 18 |
| 110 2# - MAIN ENTRY--CORPORATE NAME | |
| Corporate name or jurisdiction name as entry element | Royal Institution of Chartered Surveyors |
| 9 (RLIN) | 4900 |
| 240 04 - UNIFORM TITLE | |
| Uniform title | The RICS and Macdonald and Company salary survey |
| 245 04 - TITLE STATEMENT | |
| Title | The Macdonald and Company South Africa rewards and attitudes survey 2011 |
| Medium | [electronic resource] |
| 260 ## - PUBLICATION, DISTRIBUTION, ETC. | |
| Place of publication, distribution, etc. | London |
| Name of publisher, distributor, etc. | Macdonald and Company |
| Place of publication, distribution, etc. | London |
| Name of publisher, distributor, etc. | RICS |
| Date of publication, distribution, etc. | 2011 |
| 300 ## - PHYSICAL DESCRIPTION | |
| Extent | 13p. |
| 520 ## - SUMMARY, ETC. | |
| Summary, etc. | Key findings from the RICS and Macdonald and Company Rewards and Attitudes Survey 2011. There is 8.1% increase in basic salaries for the average property professional over the past 12 months. The recovery from the global recession is steady but slow. However, South Africa still boasts one of the strongest performances globally in the property sector in terms of earning and career satisfaction growth. |
| 520 ## - SUMMARY, ETC. | |
| Summary, etc. | A full copy of the report is not available in the Library. |
| 521 2# - TARGET AUDIENCE NOTE | |
| Target audience note | Advanced |
| 590 ## - LOCAL NOTE (RLIN) | |
| Local note | KA |
| 650 24 - SUBJECT ADDED ENTRY--TOPICAL TERM | |
| Topical term or geographic name entry element | RICS SALARY AND BENEFITS SURVEYS |
| 651 #4 - SUBJECT ADDED ENTRY--GEOGRAPHIC NAME | |
| Geographic name | South Africa |
| 690 ## - LOCAL SUBJECT ADDED ENTRY--TOPICAL TERM (OCLC, RLIN) | |
| Topical term or geographic name as entry element | Business and management |
| 710 2# - ADDED ENTRY--CORPORATE NAME | |
| Corporate name or jurisdiction name as entry element | Macdonald and Company |
| 9 (RLIN) | 3846 |
| 856 40 - ELECTRONIC LOCATION AND ACCESS | |
| Uniform Resource Identifier | <a href="https://www.macdonaldandcompany.com/salary-surveys-south-africa">https://www.macdonaldandcompany.com/salary-surveys-south-africa</a> |
| Public note | View the item free of charge at www.macdonaldandcompany.com |
| 942 ## - ADDED ENTRY ELEMENTS (KOHA) | |
| Suppress in OPAC | 0 |
| Withdrawn status | Lost status | Source of classification or shelving scheme | Damaged status | Not for loan | Home library | Current library | Shelving location | Date acquired | Total Checkouts | Full call number | Barcode | Date last seen | Copy number | Price effective from | Koha item type |
|---|---|---|---|---|---|---|---|---|---|---|---|---|---|---|---|
| Dewey Decimal Classification | Virtual | Virtual | Online | 13/07/2015 | ONLINE PUBLICATION | 158758-2001 | 06/08/2019 | 1 | 06/08/2019 | Book |